|
|
|
|
| LEADER |
02560cam a2200649 i 4500 |
| 001 |
nkc20193072462 |
| 003 |
CZ PrNK |
| 005 |
20190327100349.0 |
| 007 |
ta |
| 008 |
181220t20182018xr abfje 001 0 cze d |
| 015 |
|
|
|a cnb003072462
|
| 020 |
|
|
|a 978-80-7557-159-5
|q (vázáno)
|
| 035 |
|
|
|a (OCoLC)1096289482
|
| 040 |
|
|
|a KLG001
|b cze
|d BOA001
|e rda
|
| 041 |
0 |
|
|a cze
|b eng
|
| 043 |
|
|
|a a-ja---
|
| 045 |
|
|
|a p-w-
|
| 072 |
|
7 |
|a 355/359
|x Vojenství. Obrana země. Ozbrojené síly
|2 Konspekt
|9 15
|
| 080 |
|
|
|a 355.318-051
|2 MRF
|
| 080 |
|
|
|a 355.4
|2 MRF
|
| 080 |
|
|
|a 355.4(091)
|2 MRF
|
| 080 |
|
|
|a 316.728
|2 MRF
|
| 080 |
|
|
|a 94(520)
|2 MRF
|
| 080 |
|
|
|a (048.8)
|2 MRF
|
| 100 |
1 |
|
|a Kodet, Roman,
|d 1981-
|7 xx0088754
|4 aut
|
| 245 |
1 |
0 |
|a Příběh samurajů :
|b život a svět válečníků starého Japonska /
|c Roman Kodet
|
| 250 |
|
|
|a První vydání
|
| 264 |
|
1 |
|a Praha :
|b Epocha,
|c [2018]
|
| 264 |
|
4 |
|c ©2018
|
| 300 |
|
|
|a 630 stran, 16 nečíslovaných stran obrazových příloh :
|b ilustrace (některé barevné), mapy, genealogické tabulky ;
|c 25 cm
|
| 336 |
|
|
|a text
|b txt
|2 rdacontent
|
| 337 |
|
|
|a bez média
|b n
|2 rdamedia
|
| 338 |
|
|
|a svazek
|b nc
|2 rdacarrier
|
| 500 |
|
|
|a Chronologický přehled
|
| 500 |
|
|
|a Terminologický slovník
|
| 504 |
|
|
|a Obsahuje bibliografii, bibliografické odkazy a rejstřík
|
| 546 |
|
|
|a Anglické resumé
|
| 648 |
|
7 |
|a 12.-19. století
|7 ch757070
|2 czenas
|
| 650 |
0 |
7 |
|a samurajové
|7 ph125416
|z Japonsko
|y 12.-19. století
|2 czenas
|
| 650 |
0 |
7 |
|a válečnictví
|7 ph127327
|z Japonsko
|y 12.-19. století
|2 czenas
|
| 650 |
0 |
7 |
|a vojenské dějiny
|7 ph269104
|z Japonsko
|y 12.-19. století
|2 czenas
|
| 650 |
0 |
7 |
|a každodenní život
|7 ph121555
|z Japonsko
|y 12.-19. století
|2 czenas
|
| 650 |
0 |
9 |
|a samurai
|z Japan
|y 12th-19th centuries
|2 eczenas
|
| 650 |
0 |
9 |
|a art of war
|z Japan
|y 12th-19th centuries
|2 eczenas
|
| 650 |
0 |
9 |
|a military history
|z Japan
|y 12th-19th centuries
|2 eczenas
|
| 650 |
0 |
9 |
|a everyday life
|z Japan
|y 12th-19th centuries
|2 eczenas
|
| 651 |
|
7 |
|a Japonsko
|7 ge129425
|x dějiny
|y 12.-19. století
|2 czenas
|
| 651 |
|
9 |
|a Japan
|x history
|y 12th-19th centuries
|2 eczenas
|
| 655 |
|
7 |
|a monografie
|7 fd132842
|2 czenas
|
| 655 |
|
9 |
|a monographs
|2 eczenas
|
| 910 |
2 |
|
|a BOA001
|b 2-1424.208
|
| 920 |
|
|
|a 1215596
|z KLG001
|
| 990 |
|
|
|a BK
|
| 995 |
|
|
|a 01
|
| 991 |
|
|
|b 201903
|c NOV
|
| 996 |
6 |
|
|b 2610772736
|c 2-1424.208
|l MZK
|r Sklad / do 1 hodiny
|n 0
|p p.v.
|w 001710117
|u 000010
|a 1
|e BOA001
|j MZK50
|s P
|
| 996 |
7 |
|
|b 2610773605
|c 2-1424.208
|l Vol.výběr
|r VV 0p
|n 16
|p kup
|h 355/359 KOD
|w 001710117
|u 000020
|a 0
|e BOA001
|j MZK50
|s A
|